One Piece - The Straw Hat Pirates - Statistics

General Stats
  • This quiz has been taken 387 times
  • The average score is 9 of 10
Answer Stats
Position Answer % Correct
Captain Monkey D. Luffy
100%
Navigator Nami
99%
First Mate (de facto) Roronoa Zoro
99%
Cook Sanji
96%
Shipwright Franky
94%
Archaeologist Nico Robin
94%
Doctor Tony Tony Chopper
94%
Musician Brook
93%
Sharpshooter Usopp
92%
Helmsman Jinbe
87%
No matching quizzes found
Score Distribution
Percent of People with Each Score
Percentile by Number Answered
Your Score History
You have not taken this quiz